[Event "ODEM U25A 2012"]
[Site "Oberhof GER"]
[Date "2012.05.30"]
[Round "6"]
[White "Feldheim, Jonas"]
[Black "Zimmermann, Christian"]
[Result "0-1"]
[Termination "normal"]
[Board "1"]
[WhiteElo "2005"]
[BlackElo "1878"]
[PlyCount "142"]
[WhiteFideId "24697583"]
[BlackFideId "24692069"]
[EventCountry "GER"]
[EventRounds "9"]
[EventType "swiss"]
[EventDate "2012.05.26"]

1. e4 c5 2. Nc3 Nc6 3. Bb5 Nd4 4. Bc4 g6 5. Nf3 Bg7 6. Nxd4 cxd4 7. Qf3 Nh6 8.
Ne2 O-O 9. d3 Ng4 10. Bb3 d6 11. O-O Ne5 12. Qg3 Nc6 13. f4 e6 14. Qf2 Kh8 15.
Bd2 Bd7 16. Kh1 f5 17. exf5 Rxf5 18. Ng3 Rf8 19. Ne4 Qe7 20. Rae1 e5 21. Qg3
Be6 22. fxe5 Bxe5 23. Qg5 Rxf1+ 24. Rxf1 Rf8 25. Rxf8+ Qxf8 26. Kg1 Bxb3 27.
axb3 Ne7 28. g4 Nc6 29. Kg2 d5 30. Ng3 Qc5 31. b4 Qd6 32. b5 Bf6 33. Qf4 Qxf4
34. Bxf4 Nb4 35. g5 Bg7 36. Bd2 Nxc2 37. Ne2 Be5 38. h3 Kg8 39. Kf3 Kf7 40. Kg4
Ke6 41. h4 Na1 42. Nc1 Kd6 43. Bb4+ Kd7 44. Bd2 a6 45. bxa6 bxa6 46. h5 Kc6 47.
hxg6 hxg6 48. Ne2 Nb3 49. Bf4 Bg7 50. Bb8 Nc5 51. Nf4 Nd7 52. Ba7 Kb7 53. Ne6
Kxa7 54. Nxg7 Ne5+ 55. Kg3 Nxd3 56. Ne6 Nxb2 57. Nxd4 a5 58. Kf4 Nc4 59. Nc6+
Kb6 60. Ne7 Kc5 61. Nxg6 a4 62. Ne7 Nd6 63. Nf5 a3 64. Ne3 a2 65. Nc2 d4 66.
Na1 Kc4 67. g6 Ne8 68. Kf3 Kc3 69. Ke2 Kb2 70. Kd2 Kxa1 71. Kc1 d3 0-1

[Event "ODEM U25A 2012"]
[Site "Oberhof GER"]
[Date "2012.05.30"]
[Round "6"]
[White "Ott, Florian"]
[Black "Münch, Robert"]
[Result "1-0"]
[Termination "normal"]
[Board "2"]
[WhiteElo "1976"]
[BlackElo "1953"]
[PlyCount "52"]
[WhiteFideId "12900281"]
[BlackFideId "4626028"]
[EventCountry "GER"]
[EventRounds "9"]
[EventType "swiss"]
[EventDate "2012.05.26"]

1. d4 d5 2. c4 e6 3. Nf3 c6 4. g3 dxc4 5. Bg2 Nf6 6. Ne5 Bb4+ 7. Bd2 Qxd4 8.
Bxb4 Qxe5 9. Na3 b5 10. Bd6 Qf5 11. O-O Bb7 12. Nc2 e5 13. a4 a6 14. axb5 axb5
15. Rxa8 Bxa8 16. Bxb8 O-O 17. Ba7 Nd7 18. e4 Qe6 19. Be3 c5 20. Qd2 Qe7 21.
Rd1 Nb6 22. Qa5 Rd8 23. Rxd8+ Qxd8 24. Bxc5 Qd1+ 25. Ne1 c3 26. Qxc3 Na4 1-0

[Event "ODEM U25A 2012"]
[Site "Oberhof GER"]
[Date "2012.05.30"]
[Round "6"]
[White "Carow, Annelen"]
[Black "Figura, Atila Gajo"]
[Result "0-1"]
[Termination "normal"]
[Board "3"]
[BlackTitle "FM"]
[WhiteElo "1957"]
[BlackElo "2351"]
[PlyCount "72"]
[WhiteFideId "24692492"]
[BlackFideId "4688058"]
[EventCountry "GER"]
[EventRounds "9"]
[EventType "swiss"]
[EventDate "2012.05.26"]

1. d4 Nf6 2. c4 e6 3. Nc3 Bb4 4. Qc2 O-O 5. a3 Bxc3+ 6. Qxc3 b6 7. Bg5 Bb7 8.
e3 h6 9. Bh4 d6 10. f3 Nbd7 11. Nh3 e5 12. Bd3 exd4 13. Qxd4 g5 14. Bf2 Qe7 15.
O-O-O c5 16. Qc3 d5 17. Rhe1 a6 18. Bg3 Rfd8 19. Nf2 Bc6 20. h4 b5 21. hxg5
hxg5 22. cxd5 Nxd5 23. Qc2 c4 24. Bh7+ Kg7 25. Ng4 b4 26. Be4 b3 27. Qxc4 Rac8
28. Qd4+ f6 29. Kb1 Nf8 30. Ka1 Ne6 31. Qd2 Nb6 32. Qf2 Bxe4 33. Rxd8 Nxd8 34.
fxe4 Rc2 35. Qxf6+ Qxf6 36. Nxf6 Kxf6 0-1

[Event "ODEM U25A 2012"]
[Site "Oberhof GER"]
[Date "2012.05.30"]
[Round "6"]
[White "Pererva, Viktor"]
[Black "Wurm, Alexander"]
[Result "0-1"]
[Termination "normal"]
[Board "4"]
[WhiteElo "1967"]
[BlackElo "2059"]
[PlyCount "118"]
[WhiteFideId "24696463"]
[BlackFideId "24637246"]
[EventCountry "GER"]
[EventRounds "9"]
[EventType "swiss"]
[EventDate "2012.05.26"]

1. e4 e6 2. Nf3 d5 3. Nc3 Nf6 4. e5 Nfd7 5. d4 c5 6. dxc5 Nc6 7. Bf4 Nxc5 8.
Bd3 Be7 9. h4 Bd7 10. h5 a6 11. Qd2 b5 12. a3 Na5 13. O-O Nxd3 14. Qxd3 Rc8 15.
Ne2 Nc4 16. Rab1 f5 17. exf6 Bxf6 18. Ned4 O-O 19. Rfe1 Bxd4 20. Qxd4 Qf6 21.
Bg3 Qxd4 22. Nxd4 Nd2 23. Rbd1 Ne4 24. Re2 Nxg3 25. fxg3 Rf6 26. Rde1 Kf7 27.
c3 h6 28. g4 a5 29. Re5 b4 30. axb4 axb4 31. R1e3 bxc3 32. bxc3 g5 33. Kh2 Rc4
34. Kh3 Rc8 35. Kh2 Ra8 36. Kg3 Ra2 37. Re2 Rxe2 38. Rxe2 Rf4 39. Nf3 Kf6 40.
Ne5 Ba4 41. Kh3 Bb5 42. Re1 Re4 43. Rxe4 dxe4 44. c4 Kxe5 45. cxb5 Kd5 46. Kg3
Kc5 47. Kf2 Kxb5 48. Ke3 Kc5 49. Kxe4 Kd6 50. Kd4 e5+ 51. Ke4 Ke6 52. g3 Kd6
53. Kf5 Kd5 54. Kg6 e4 55. Kxh6 e3 56. Kg7 e2 57. h6 e1=Q 58. h7 Qe7+ 59. Kg8
Kd4 0-1

[Event "ODEM U25A 2012"]
[Site "Oberhof GER"]
[Date "2012.05.30"]
[Round "6"]
[White "Höpfner, Tim"]
[Black "Nötzel, Felix"]
[Result "0-1"]
[Termination "normal"]
[Board "5"]
[WhiteElo "1942"]
[BlackElo "2106"]
[PlyCount "78"]
[WhiteFideId "4638310"]
[BlackFideId "24637416"]
[EventCountry "GER"]
[EventRounds "9"]
[EventType "swiss"]
[EventDate "2012.05.26"]

1. d4 Nf6 2. c4 e5 3. dxe5 Ne4 4. a3 d6 5. Nf3 Nc6 6. Qd5 Nc5 7. Bg5 Qd7 8. Bf4
Qf5 9. e3 Be6 10. Qd1 dxe5 11. Bg3 Rd8 12. Nbd2 a5 13. Qb1 Qxb1+ 14. Rxb1 Bf5
15. Rd1 f6 16. Nh4 Bc2 17. Rc1 Bd3 18. Rc3 g5 19. Nhf3 Bg6 20. Be2 h5 21. h3
Kf7 22. b3 Be7 23. Bd1 Nd3+ 24. Ke2 Bxa3 25. Bc2 Nc5 26. Bxg6+ Kxg6 27. Rd1 Bb4
28. Rc2 Rh7 29. h4 g4 30. Nh2 Rhd7 31. Nhf1 Nxb3 32. f3 gxf3+ 33. gxf3 Kf5 34.
Be1 Nxd2 35. Bxd2 Bxd2 36. Nxd2 Nb4 37. Rb2 Rg7 38. Rdb1 Rg2+ 39. Kd1 Rdxd2+
0-1

[Event "ODEM U25A 2012"]
[Site "Oberhof GER"]
[Date "2012.05.30"]
[Round "6"]
[White "Giraud, Valerian"]
[Black "Kieslich, Aaron"]
[Result "1/2-1/2"]
[Termination "normal"]
[Board "6"]
[WhiteElo "1914"]
[BlackElo "1979"]
[PlyCount "58"]
[WhiteFideId "12920355"]
[BlackFideId "1270391"]
[EventCountry "GER"]
[EventRounds "9"]
[EventType "swiss"]
[EventDate "2012.05.26"]

1. d4 Nf6 2. c4 e6 3. Nf3 b6 4. g3 Bb7 5. Bg2 Be7 6. O-O O-O 7. Nc3 Ne4 8. Qc2
Nxc3 9. Qxc3 c5 10. dxc5 bxc5 11. Rd1 Qc7 12. Bf4 d6 13. Rd2 Nc6 14. Rad1 e5
15. Be3 Nd4 16. Qc1 Rac8 17. b3 Qb6 18. Ne1 Bxg2 19. Nxg2 f5 20. Bxd4 cxd4 21.
Qb1 Rcd8 22. b4 Rb8 23. a3 a5 24. Qb3 Kh8 25. Rb2 axb4 26. axb4 d5 27. c5 Bxc5
28. Qxd5 Qd6 29. Qxd6 Bxd6 1/2-1/2

[Event "ODEM U25A 2012"]
[Site "Oberhof GER"]
[Date "2012.05.30"]
[Round "6"]
[White "Adelhütte, Dennis"]
[Black "Baier, Christoph"]
[Result "1/2-1/2"]
[Termination "normal"]
[Board "7"]
[WhiteElo "1982"]
[BlackElo "1927"]
[PlyCount "57"]
[WhiteFideId "4661265"]
[BlackFideId "24655759"]
[EventCountry "GER"]
[EventRounds "9"]
[EventType "swiss"]
[EventDate "2012.05.26"]

1. d4 Nf6 2. Nf3 g6 3. c4 Bg7 4. Nc3 O-O 5. e4 d6 6. Be2 e5 7. Be3 Nc6 8. d5
Ne7 9. Nd2 Ne8 10. O-O f5 11. f3 f4 12. Bf2 b6 13. b4 g5 14. a4 h5 15. a5 Rf6
16. c5 Rb8 17. Nb5 a6 18. Na7 b5 19. cxd6 cxd6 20. Rc1 Qd7 21. Qc2 Bb7 22. Bd1
Rg6 23. Qc3 Bf6 24. Bb3 Kh7 25. Rc2 g4 26. Bb6 Rg7 27. Rfc1 Ra8 28. Qd3 Ng6 29.
fxg4 1/2-1/2

[Event "ODEM U25A 2012"]
[Site "Oberhof GER"]
[Date "2012.05.30"]
[Round "6"]
[White "Linnemann, Niklas"]
[Black "Diller, Daniel"]
[Result "1-0"]
[Termination "normal"]
[Board "8"]
[WhiteElo "1932"]
[BlackElo "1809"]
[PlyCount "117"]
[WhiteFideId "24695645"]
[BlackFideId "12908983"]
[EventCountry "GER"]
[EventRounds "9"]
[EventType "swiss"]
[EventDate "2012.05.26"]

1. e4 e6 2. d4 d5 3. Nd2 Nf6 4. e5 Nfd7 5. Bd3 c5 6. c3 Nc6 7. Ne2 cxd4 8. cxd4
f6 9. exf6 Nxf6 10. Nf3 Bd6 11. O-O O-O 12. Bf4 Bxf4 13. Nxf4 Ne4 14. Qc1 Qf6
15. Ne2 e5 16. Bxe4 dxe4 17. Nxe5 Nxe5 18. dxe5 Qxe5 19. Nc3 Bf5 20. Qe3 Rad8
21. Rad1 Qa5 22. Qg5 h6 23. Qe7 Rde8 24. Qxb7 Rb8 25. Rd5 Rxb7 26. Rxa5 Rxb2
27. Rxa7 Rc2 28. Nd5 Be6 29. Nb4 Rb2 30. a3 Bc4 31. Rc1 Rbxf2 32. Ra8 Bb5 33.
Rxf8+ Rxf8 34. Nd5 Rd8 35. Nc3 Rc8 36. Kf2 Bd3 37. Ke3 Kf7 38. Na2 Ra8 39. Rc3
Re8 40. Nb4 Bf1 41. Rc2 Bb5 42. Rc5 Ba4 43. Rc4 h5 44. Rxe4 Rxe4+ 45. Kxe4 Kf6
46. h4 g5 47. g3 gxh4 48. gxh4 Ke6 49. Kf4 Kd6 50. Kg5 Bd1 51. Nd3 Kc6 52. Nf4
Kb5 53. Nxh5 Ka4 54. Nf6 Kxa3 55. Ng4 Kb4 56. h5 Kc5 57. h6 Bc2 58. Ne5 Bh7 59.
Ng6 1-0

[Event "ODEM U25A 2012"]
[Site "Oberhof GER"]
[Date "2012.05.30"]
[Round "6"]
[White "Humburg, Philipp"]
[Black "Holle, Cedric"]
[Result "0-1"]
[Termination "normal"]
[Board "9"]
[WhiteElo "1840"]
[BlackElo "1840"]
[PlyCount "86"]
[WhiteFideId "24656151"]
[BlackFideId "24692158"]
[EventCountry "GER"]
[EventRounds "9"]
[EventType "swiss"]
[EventDate "2012.05.26"]

1. e4 e6 2. d4 d5 3. Nc3 Nf6 4. e5 Nfd7 5. f4 c5 6. Nce2 Nc6 7. c3 Qb6 8. Nf3
f6 9. g3 cxd4 10. cxd4 fxe5 11. fxe5 Bb4+ 12. Kf2 Ndxe5 13. Nxe5 Nxe5 14. Bh3
O-O+ 15. Kg2 Ng6 16. Be3 Bd7 17. a3 Be7 18. Qd2 Bf6 19. Nc3 Ne7 20. Rhe1 Nf5
21. Rad1 Rae8 22. Bf2 Kh8 23. Kg1 Qd6 24. Qd3 a6 25. Re2 Rc8 26. Rde1 Bg5 27.
Bg4 Rf6 28. Re5 Rcf8 29. R1e2 Bh6 30. Bh3 Ne7 31. Be1 Nc6 32. Rh5 Be8 33. Rh4
Bg6 34. Qd1 Bg5 35. Rg4 Bf5 36. Rxg5 Bxh3 37. Rf2 Qe7 38. Qh5 Rxf2 39. Bxf2
Nxd4 40. Rxd5 exd5 41. Qxh3 Qf6 42. Qg2 Nf3+ 43. Kf1 Qe5 0-1

[Event "ODEM U25A 2012"]
[Site "Oberhof GER"]
[Date "2012.05.30"]
[Round "6"]
[White "Schirra, Felix"]
[Black "Grötzbach, Daniel"]
[Result "0-1"]
[Termination "normal"]
[Board "10"]
[WhiteElo "1636"]
[BlackElo "1896"]
[PlyCount "60"]
[WhiteFideId "24692662"]
[BlackFideId "24692166"]
[EventCountry "GER"]
[EventRounds "9"]
[EventType "swiss"]
[EventDate "2012.05.26"]

1. e4 c5 2. Nf3 d6 3. d4 cxd4 4. Nxd4 Nf6 5. Nc3 a6 6. g3 e5 7. Nde2 Be7 8. Bg2
b5 9. h3 Nbd7 10. g4 Nb6 11. a3 Bb7 12. Ng3 O-O 13. g5 Ne8 14. h4 f5 15. Nxf5
Rxf5 16. exf5 Bxg2 17. Rg1 Bc6 18. f6 Bf8 19. Qh5 Qd7 20. Be3 Nc4 21. O-O-O Qf5
22. Nd5 Nc7 23. fxg7 Bxd5 24. gxf8=Q+ Rxf8 25. Rg3 Bf3 26. Rxf3 Qxf3 27. Qh6
Nxe3 28. Rxd6 Nf5 29. Rg6+ hxg6 30. Qxg6+ Ng7 0-1

[Event "ODEM U25A 2012"]
[Site "Oberhof GER"]
[Date "2012.05.30"]
[Round "6"]
[White "Mann, Johannes"]
[Black "Hollatz, Michael"]
[Result "1/2-1/2"]
[Termination "normal"]
[Board "11"]
[WhiteElo "1859"]
[BlackElo "1653"]
[PlyCount "114"]
[WhiteFideId "24691380"]
[BlackFideId "4622820"]
[EventCountry "GER"]
[EventRounds "9"]
[EventType "swiss"]
[EventDate "2012.05.26"]

1. e4 e5 2. Nf3 Nc6 3. Bb5 a6 4. Ba4 b5 5. Bb3 Bb7 6. O-O Bc5 7. Re1 Nf6 8. c3
d6 9. d4 Bb6 10. a4 bxa4 11. Bxa4 O-O 12. d5 Ne7 13. Be3 h6 14. Bxb6 cxb6 15.
Na3 Nd7 16. Bxd7 Qxd7 17. Nd2 f5 18. f3 fxe4 19. fxe4 Rf4 20. Qe2 Raf8 21. Rf1
Ng6 22. g3 R4f6 23. Nac4 b5 24. Ne3 Ne7 25. Rxf6 Rxf6 26. c4 bxc4 27. Ndxc4 Qb5
28. Qd2 Bc8 29. Qa5 Qb7 30. Ra4 Rf3 31. Kg2 Rxe3 32. Nxe3 Qxb2+ 33. Kg1 Qb1+
34. Kf2 Qh1 35. Qe1 Qxh2+ 36. Ng2 h5 37. Ra3 Ng6 38. Kf1 Bh3 39. Qf2 Qh1+ 40.
Ke2 Qxg2 41. Qxg2 Bxg2 42. Re3 Kf7 43. Kf2 Bh3 44. Ra3 Bc8 45. Rc3 Ne7 46. Rc7
g5 47. Ke3 Kf6 48. Kf2 h4 49. Kg2 Bg4 50. Ra7 Be2 51. Rd7 Nc8 52. Rd8 Bd3 53.
Kf3 hxg3 54. Rxc8 g2 55. Rc1 Bf1 56. Kf2 g4 57. Rc6 Ke7 1/2-1/2

[Event "ODEM U25A 2012"]
[Site "Oberhof GER"]
[Date "2012.05.30"]
[Round "6"]
[White "Torzinski, Nils"]
[Black "Berger, Manuel"]
[Result "1/2-1/2"]
[Termination "normal"]
[Board "12"]
[WhiteElo "1778"]
[BlackElo "1888"]
[PlyCount "58"]
[WhiteFideId "24695840"]
[BlackFideId "24692506"]
[EventCountry "GER"]
[EventRounds "9"]
[EventType "swiss"]
[EventDate "2012.05.26"]

1. e4 c5 2. Nc3 Nc6 3. f4 g6 4. Bc4 Bg7 5. Nf3 d6 6. O-O e6 7. d3 Nge7 8. Qe1
O-O 9. f5 d5 10. Bb3 Na5 11. fxe6 fxe6 12. exd5 Nxb3 13. axb3 Nxd5 14. Ne4 b6
15. Bg5 Qc7 16. Rb1 Nb4 17. Qd2 Bb7 18. c3 Nd5 19. Rbe1 Rae8 20. d4 cxd4 21.
Nxd4 Qd7 22. Bh6 e5 23. Bxg7 Kxg7 24. Rxf8 Rxf8 25. Nf3 Qe7 26. Qg5 Nf6 27.
Nxf6 Bxf3 28. gxf3 Qxf6 29. Qxe5 Qxe5 1/2-1/2

[Event "ODEM U25A 2012"]
[Site "Oberhof GER"]
[Date "2012.05.30"]
[Round "6"]
[White "Celmer, Ole"]
[Black "Hoffmann, Tim"]
[Result "1/2-1/2"]
[Termination "normal"]
[Board "13"]
[WhiteElo "1834"]
[BlackElo "1945"]
[PlyCount "45"]
[WhiteFideId "24657107"]
[BlackFideId "12900338"]
[EventCountry "GER"]
[EventRounds "9"]
[EventType "swiss"]
[EventDate "2012.05.26"]

1. e4 c5 2. c3 d5 3. exd5 Qxd5 4. d4 Nf6 5. Nf3 e6 6. Be2 cxd4 7. Qxd4 Nc6 8.
Qxd5 Nxd5 9. O-O Be7 10. Nbd2 O-O 11. Nb3 a6 12. Bc4 Nb6 13. Bd3 Bd6 14. Be4
Ne7 15. Rd1 Bc7 16. Nc5 Ned5 17. Bg5 Bd6 18. Nb3 f6 19. Bc1 Be7 20. Na5 Rb8 21.
c4 Nc7 22. Be3 Na4 23. Rab1 1/2-1/2

[Event "ODEM U25A 2012"]
[Site "Oberhof GER"]
[Date "2012.05.30"]
[Round "6"]
[White "Valet, Alexander"]
[Black "Usczeck, Lukas"]
[Result "1/2-1/2"]
[Termination "normal"]
[Board "14"]
[WhiteElo "1910"]
[BlackElo "1766"]
[PlyCount "44"]
[WhiteFideId "24682560"]
[BlackFideId "12937827"]
[EventCountry "GER"]
[EventRounds "9"]
[EventType "swiss"]
[EventDate "2012.05.26"]

1. e4 c5 2. Nc3 e6 3. d3 Nc6 4. g3 Nf6 5. Bg2 a6 6. f4 d6 7. Nf3 Qc7 8. O-O Be7
9. Be3 b5 10. Qd2 Ng4 11. a3 O-O 12. h3 Nxe3 13. Qxe3 Bb7 14. Ne2 Rfe8 15. g4
a5 16. g5 Bf8 17. Nh2 Ne7 18. Ng4 b4 19. h4 d5 20. h5 Red8 21. Rfd1 bxa3 22.
bxa3 c4 1/2-1/2

[Event "ODEM U25A 2012"]
[Site "Oberhof GER"]
[Date "2012.05.30"]
[Round "6"]
[White "Kast, Joannis"]
[Black "Reimers, Juri"]
[Result "1-0"]
[Termination "normal"]
[Board "15"]
[WhiteElo "1758"]
[BlackElo "1729"]
[PlyCount "59"]
[WhiteFideId "24698776"]
[BlackFideId "24661511"]
[EventCountry "GER"]
[EventRounds "9"]
[EventType "swiss"]
[EventDate "2012.05.26"]

1. e4 g6 2. Bc4 Bg7 3. d3 c5 4. f4 d6 5. Nc3 Nc6 6. Nf3 a6 7. a3 e6 8. O-O Nge7
9. Qe1 O-O 10. Qg3 d5 11. Ba2 b5 12. Ne2 Qc7 13. Ng5 dxe4 14. dxe4 h6 15. Nf3
Bb7 16. c3 Na5 17. Bb1 Nc4 18. Nd2 Nb6 19. Nb3 Rad8 20. f5 Be5 21. Qh3 exf5 22.
exf5 h5 23. Bh6 Rfe8 24. fxg6 fxg6 25. Qe6+ Kh8 26. Nf4 Rg8 27. Bxg6 Nbd5 28.
Be4 Bxf4 29. Bxf4 Nxf4 30. Qh6# 1-0

[Event "ODEM U25A 2012"]
[Site "Oberhof GER"]
[Date "2012.05.30"]
[Round "6"]
[White "Theurich, Joel"]
[Black "Ospina Ocampo, Camilo"]
[Result "1-0"]
[Termination "normal"]
[Board "16"]
[WhiteElo "1792"]
[BlackElo "1972"]
[PlyCount "80"]
[WhiteFideId "12930393"]
[BlackFideId "12907030"]
[EventCountry "GER"]
[EventRounds "9"]
[EventType "swiss"]
[EventDate "2012.05.26"]

1. e4 c5 2. Nc3 Nc6 3. d3 g6 4. Be3 d6 5. g3 Bg7 6. Qd2 a6 7. Bg2 e6 8. a3 Rb8
9. Nf3 Nge7 10. Bh6 O-O 11. h4 f6 12. Bxg7 Kxg7 13. d4 cxd4 14. Nxd4 Qb6 15.
Nb3 Ne5 16. Qe2 Bd7 17. O-O Rbc8 18. Rab1 Bc6 19. Rfd1 Bd7 20. Nd2 f5 21. Rf1
f4 22. Kh1 N7c6 23. Nf3 Nxf3 24. Qxf3 Nd4 25. Qd1 fxg3 26. fxg3 Rxf1+ 27. Bxf1
Rf8 28. Kg2 Nf3 29. Ne2 Bc6 30. Qxd6 Nxh4+ 31. Kh3 Nf3 32. Nf4 Ng5+ 33. Kg4
Bxe4 34. Nxe6+ Nxe6 35. Qxb6 Bf5+ 36. Kf3 Bxc2+ 37. Kg2 Be4+ 38. Kg1 Ng5 39.
Rd1 Rf3 40. Kh2 Kh6 1-0

[Event "ODEM U25A 2012"]
[Site "Oberhof GER"]
[Date "2012.05.30"]
[Round "6"]
[White "Becker, Dirk"]
[Black "Peters, Tom"]
[Result "0-1"]
[Termination "normal"]
[Board "17"]
[WhiteElo "1720"]
[BlackElo "1786"]
[PlyCount "86"]
[WhiteFideId "12938564"]
[BlackFideId "24694444"]
[EventCountry "GER"]
[EventRounds "9"]
[EventType "swiss"]
[EventDate "2012.05.26"]

1. e4 c5 2. Nf3 Nc6 3. d4 cxd4 4. Nxd4 g6 5. c4 Nf6 6. Nc3 Nxd4 7. Qxd4 d6 8.
Be3 Bg7 9. Be2 O-O 10. Qd2 a5 11. O-O a4 12. Rac1 Be6 13. f3 Qa5 14. Rfd1 Rfc8
15. b3 axb3 16. axb3 Qb4 17. Rb1 Nd7 18. Nb5 Qxd2 19. Rxd2 Nc5 20. Kf2 f5 21.
Bd3 Bd7 22. Nd4 f4 23. Nc2 fxe3+ 24. Nxe3 Bd4 25. Bc2 Bxe3+ 26. Kxe3 Ra3 27.
Ke2 Ra2 28. Kf2 Rca8 29. b4 Nd3+ 30. Ke3 Ne5 31. Bb3 R2a3 32. Ke2 Ba4 33. f4
Rxb3 34. Rxb3 Bxb3 35. fxe5 Bxc4+ 36. Kf3 dxe5 37. Rd7 Ra3+ 38. Kf2 b5 39. Rxe7
Rb3 40. Rxe5 Rxb4 41. Re8+ Kf7 42. Rh8 Kg7 43. Rb8 Kf6 0-1

[Event "ODEM U25A 2012"]
[Site "Oberhof GER"]
[Date "2012.05.30"]
[Round "6"]
[White "Dietrich, Franz"]
[Black "Gubela, Hans-Erich Constantin"]
[Result "0-1"]
[Termination "normal"]
[Board "18"]
[WhiteElo "1571"]
[BlackElo "1740"]
[PlyCount "128"]
[WhiteFideId "1270312"]
[BlackFideId "24692140"]
[EventCountry "GER"]
[EventRounds "9"]
[EventType "swiss"]
[EventDate "2012.05.26"]

1. e4 c5 2. Nf3 a6 3. d4 cxd4 4. Nxd4 Nf6 5. Nc3 e5 6. Nb3 Bb4 7. Bg5 Qc7 8.
Bxf6 Bxc3+ 9. bxc3 Qxc3+ 10. Qd2 Qxd2+ 11. Nxd2 gxf6 12. Nc4 Nc6 13. Nd6+ Ke7
14. Nf5+ Kd8 15. Bc4 Rf8 16. c3 Ne7 17. Nd6 Kc7 18. Rd1 b5 19. Bxf7 Rb8 20. O-O
Rb6 21. Nxc8 Kxc8 22. Bd5 Nxd5 23. Rxd5 Rc6 24. Rfd1 Rd8 25. Rd6 Kc7 26. R6d3
d6 27. Rh3 Rd7 28. Rf3 Rf7 29. Rfd3 Kd7 30. Ra1 Ke6 31. a4 bxa4 32. Rxa4 Rd7
33. c4 Rb7 34. h3 Rb1+ 35. Kh2 Rb2 36. f3 Rc2 37. Rda3 Rb6 38. Ra1 Rbb2 39. Rg1
Ra2 40. Rxa2 Rxa2 41. Rc1 Ra5 42. Rb1 Rc5 43. Rb6 a5 44. Ra6 h6 45. h4 h5 46.
Ra8 Rxc4 47. Rxa5 f5 48. exf5+ Kxf5 49. Kg3 Rc5 50. Ra8 d5 51. Rf8+ Kg6 52.
Rg8+ Kf6 53. Re8 Rc7 54. Rd8 Ke6 55. Rh8 d4 56. Rh6+ Kd5 57. Rxh5 d3 58. Kf2
Kd4 59. Rh8 Rc2+ 60. Ke1 Ke3 61. Kd1 Ra2 62. Rc8 Ra1+ 63. Rc1 Rxc1+ 64. Kxc1
Ke2 0-1

[Event "ODEM U25A 2012"]
[Site "Oberhof GER"]
[Date "2012.05.30"]
[Round "6"]
[White "Lansky, Georg"]
[Black "Peters, Florian"]
[Result "1-0"]
[Termination "normal"]
[Board "19"]
[WhiteElo "1792"]
[BlackElo "1537"]
[PlyCount "81"]
[WhiteFideId "1270625"]
[BlackFideId "12952028"]
[EventCountry "GER"]
[EventRounds "9"]
[EventType "swiss"]
[EventDate "2012.05.26"]

1. e4 c5 2. Nf3 a6 3. d4 cxd4 4. Nxd4 Nf6 5. Nc3 e5 6. Nb3 Bb4 7. Bd2 O-O 8.
Bd3 Qc7 9. a3 Bxc3 10. Bxc3 d5 11. exd5 Nxd5 12. Bxh7+ Kxh7 13. Qxd5 Nc6 14.
Qe4+ Kg8 15. O-O b6 16. Rfe1 f6 17. Qc4+ Rf7 18. Rad1 Bb7 19. Re3 Rd8 20. Red3
Rxd3 21. Rxd3 Kf8 22. Rh3 g5 23. Qd3 Rd7 24. Rh8+ Ke7 25. Rh7+ Kd8 26. Rxd7+
Qxd7 27. Qxd7+ Kxd7 28. Nd2 Ne7 29. Bb4 a5 30. Bxe7 Kxe7 31. Nc4 Be4 32. c3 b5
33. Nxa5 Bd5 34. b3 Kd6 35. c4 bxc4 36. Nxc4+ Kc5 37. Ne3 Bxb3 38. Ng4 f5 39.
Nxe5 Kb5 40. Nf3 g4 41. Nd4+ 1-0

[Event "ODEM U25A 2012"]
[Site "Oberhof GER"]
[Date "2012.05.30"]
[Round "6"]
[White "Bosse, Lea"]
[Black "Scheinhütte, Jakob"]
[Result "1/2-1/2"]
[Termination "normal"]
[Board "20"]
[WhiteElo "1631"]
[BlackElo "1661"]
[PlyCount "62"]
[WhiteFideId "12900419"]
[BlackFideId "24693944"]
[EventCountry "GER"]
[EventRounds "9"]
[EventType "swiss"]
[EventDate "2012.05.26"]

1. e4 e6 2. d4 d5 3. Nd2 c5 4. dxc5 Bxc5 5. Bd3 Nf6 6. Ngf3 O-O 7. O-O Nc6 8.
a3 h6 9. b4 Be7 10. Bb2 Qc7 11. Rc1 Rd8 12. Qe2 a6 13. c4 Qd7 14. e5 Nh7 15.
cxd5 Qxd5 16. Be4 Qd7 17. Nb3 Qe8 18. Qc2 Nf8 19. Bxc6 bxc6 20. Nfd4 Bd7 21.
Na5 c5 22. bxc5 Rdc8 23. c6 Qd8 24. c7 Qe8 25. Nb7 Ba4 26. Qe4 Qd7 27. Nd6 Bxd6
28. exd6 Qxd6 29. Qxa8 Rxa8 30. c8=Q Rxc8 31. Rxc8 Bd7 1/2-1/2

[Event "ODEM U25A 2012"]
[Site "Oberhof GER"]
[Date "2012.05.30"]
[Round "6"]
[White "Tobianski, Fabian"]
[Black "Hartmann, Jakob"]
[Result "1-0"]
[Termination "normal"]
[Board "21"]
[WhiteElo "1628"]
[BlackElo "1710"]
[PlyCount "39"]
[WhiteFideId "12952001"]
[BlackFideId "12918067"]
[EventCountry "GER"]
[EventRounds "9"]
[EventType "swiss"]
[EventDate "2012.05.26"]

1. c4 e5 2. g3 g6 3. Bg2 Bg7 4. Nc3 d6 5. d3 Ne7 6. e3 O-O 7. Nge2 f5 8. Rb1 c6
9. O-O Nd7 10. b4 b6 11. b5 Bb7 12. bxc6 Bxc6 13. Nd5 Rc8 14. Nec3 Nc5 15. d4
Nd7 16. Ba3 Nf6 17. dxe5 Nfxd5 18. Nxd5 Bxe5 19. Nxe7+ Qxe7 20. Bxc6 1-0

[Event "ODEM U25A 2012"]
[Site "Oberhof GER"]
[Date "2012.05.30"]
[Round "6"]
[White "Bleecke, Sebastian"]
[Black "Häusler, Yannick"]
[Result "0-1"]
[Termination "normal"]
[Board "22"]
[WhiteElo "1595"]
[BlackElo "1900"]
[PlyCount "60"]
[WhiteFideId "12941131"]
[BlackFideId "12935891"]
[EventCountry "GER"]
[EventRounds "9"]
[EventType "swiss"]
[EventDate "2012.05.26"]

1. e4 c5 2. Nc3 a6 3. f4 b5 4. Nf3 Bb7 5. d3 e6 6. g3 d5 7. e5 h5 8. Qe2 Nh6 9.
Bg2 g6 10. d4 c4 11. O-O Nc6 12. Be3 Nf5 13. Nd1 a5 14. c3 Be7 15. Nf2 Qc7 16.
Nh3 Kf8 17. Nhg5 Kg7 18. Bf2 b4 19. h3 a4 20. g4 hxg4 21. hxg4 Nh6 22. Ne1 a3
23. bxa3 bxc3 24. Be3 Bxa3 25. f5 gxf5 26. gxf5 Nxf5 27. Qg4 Kf8 28. Bxd5 Nxe5
29. Nxe6+ fxe6 30. Rxf5+ exf5 0-1

[Event "ODEM U25A 2012"]
[Site "Oberhof GER"]
[Date "2012.05.30"]
[Round "6"]
[White "Bieg, Pascal"]
[Black "Martin, Raphael"]
[Result "1-0"]
[Termination "normal"]
[Board "23"]
[WhiteElo "1776"]
[BlackElo "1511"]
[PlyCount "151"]
[WhiteFideId "12915645"]
[BlackFideId "12952036"]
[EventCountry "GER"]
[EventRounds "9"]
[EventType "swiss"]
[EventDate "2012.05.26"]

1. d4 d5 2. c4 e6 3. Nf3 c5 4. cxd5 cxd4 5. dxe6 Bxe6 6. Qxd4 Nc6 7. Qxd8+ Rxd8
8. e3 Bc5 9. Bb5 Nge7 10. Nc3 O-O 11. Ne4 Bb6 12. Bd2 Rc8 13. O-O Rfd8 14. Bxc6
Nxc6 15. Bc3 Rc7 16. Ned2 Rcd7 17. Rfd1 f6 18. Kf1 Na5 19. Ke2 Kf7 20. Nd4 Bg4+
21. f3 Bh5 22. N2b3 Nxb3 23. axb3 Bg6 24. Rd2 a6 25. Ba5 Rd6 26. Bxb6 Rxb6 27.
Rc1 Rbd6 28. Rc7+ R6d7 29. Rxd7+ Rxd7 30. Rd1 Ke7 31. Rc1 Kd6 32. Rc8 Rc7 33.
Rxc7 Kxc7 34. Ne6+ Kc6 35. Nxg7 Bf7 36. Kd2 Bxb3 37. Nh5 f5 38. Ng7 Bc4 39.
Nxf5 Kc5 40. g4 b5 41. h4 Kd5 42. g5 Ke5 43. Nd4 Bd5 44. h5 Bf7 45. h6 Kd5 46.
f4 Kd6 47. f5 Ke5 48. g6 Bg8 49. e4 Kf6 50. Ke3 hxg6 51. e5+ Kg5 52. fxg6 Kxg6
53. e6 Kf6 54. Ke4 a5 55. Kd5 b4 56. Kd6 a4 57. e7 Bf7 58. h7 Kg7 59. Kc5 a3
60. b3 Kxh7 61. Kxb4 a2 62. Nc2 Kg7 63. Kc5 Bg6 64. Kd6 Bxc2 65. e8=Q a1=Q 66.
Qd7+ Kg6 67. Qg4+ Kh7 68. Qh3+ Kg8 69. Qg2+ Kf7 70. Qxc2 Qf6+ 71. Kc7 Qe7+ 72.
Kb6 Qb4+ 73. Kc6 Ke7 74. Qc5+ Qxc5+ 75. Kxc5 Kd7 76. Kb6 1-0